00290pab a2200121 454500008004000000100001900040245004500059260000900104300001300113362001100126650001600137773001500153180718b2011 xxu||||| |||| 00| 0 eng d aPinto, Ambrose aDebate on the land acquisition bill 2011 c2011 ap.14-17. a10 Dec aLand tenure aMainstream